ARRUPE JESUIT UNIVERSITY

CORONAVIRUS -STOP THE SPREAD - CLEAN,DISINFECT,COVER

Luke for everyone / (Record no. 126925)

MARC details
000 -LEADER
fixed length control field 00986cam a2200265 a 4500
001 - CONTROL NUMBER
control field 14381290
003 - CONTROL NUMBER IDENTIFIER
control field ARRUPE
005 - DATE AND TIME OF LATEST TRANSACTION
control field 20170906091013.0
008 - FIXED-LENGTH DATA ELEMENTS--GENERAL INFORMATION
fixed length control field 060518s2004 enkb 000 0 eng d
010 ## - LIBRARY OF CONGRESS CONTROL NUMBER
LC control number 2006296517
020 ## - INTERNATIONAL STANDARD BOOK NUMBER
International Standard Book Number 0664227848 (U.S. ed.)
020 ## - INTERNATIONAL STANDARD BOOK NUMBER
International Standard Book Number 0281053006 (U.K. ed.)
035 ## - SYSTEM CONTROL NUMBER
System control number (OCoLC)ocm54513844
040 ## - CATALOGING SOURCE
Original cataloging agency DWT
Transcribing agency DWT
Modifying agency EXN
-- OCLCQ
-- BAKER
-- DLC
042 ## - AUTHENTICATION CODE
Authentication code lccopycat
050 00 - LIBRARY OF CONGRESS CALL NUMBER
Classification number BS2595.53
Item number .W75 2004
082 00 - DEWEY DECIMAL CLASSIFICATION NUMBER
Classification number 226.4/077
Edition number 22
300 ## - PHYSICAL DESCRIPTION
Dimensions 19 cm.
100 1# - MAIN ENTRY--PERSONAL NAME
Personal name Wright, N. T.
Fuller form of name (Nicholas Thomas)
9 (RLIN) 2555
245 10 - TITLE STATEMENT
Title Luke for everyone /
Statement of responsibility, etc Tom Wright.
260 ## - PUBLICATION, DISTRIBUTION, ETC. (IMPRINT)
Place of publication, distribution, etc London :
Name of publisher, distributor, etc SPCK ;
Date of publication, distribution, etc c2004.
300 ## - PHYSICAL DESCRIPTION
Extent xiii, 319 p. :
630 00 - SUBJECT ADDED ENTRY--UNIFORM TITLE
Uniform title Bible N.T.
Name of part/section of a work Luke
Form subdivision Commentaries.
9 (RLIN) 970
906 ## - LOCAL DATA ELEMENT F, LDF (RLIN)
a 7
b cbc
c copycat
d 2
e ncip
f 20
g y-gencatlg
942 ## - ADDED ENTRY ELEMENTS (KOHA)
Source of classification or shelving scheme Library of Congress Classification
Koha item type Monograph ( Printed materials)
Holdings
Withdrawn status Lost status Source of classification or shelving scheme Damaged status Not for loan Collection code Home library Current library Shelving location Date acquired Total Checkouts Full call number Barcode Checked out Date last seen Date checked out Price effective from Koha item type
    Library of Congress Classification     Main Collection ARRUPE LIBRARY ARRUPE LIBRARY Main Collection 06/09/2017 1 BS2595.3 .W753 2004 46500027949 27/10/2019 27/09/2019 27/09/2019 06/09/2017 Monograph ( Printed materials)

 

Arrupe Library. PO Box MP320 Mt Pleasant, Harare, Zimbabwe
263 242 745411|librarian@aju.ac.zw